[Event "San Sebastian de los Reyes op U2200 1st"]
[Site "Madrid"]
[Date "2018.05.06"]
[Round "3"]
[White "Olias Rincon, Raul"]
[Black "Perez Alvarez, Javier"]
[Result "0-1"]
[WhiteElo "1330"]
[BlackElo "1843"]
[PlyCount "164"]
[EventDate "2018.04.22"]
[EventType "swiss"]
[EventRounds "6"]
[EventCountry "ESP"]
[SourceTitle "CBM 184 Extra"]
[Source "ChessBase"]
[SourceDate "2018.06.28"]
[SourceVersion "1"]
[SourceVersionDate "2018.06.28"]
[SourceQuality "1"]

1. e4 e6 2. d4 d5 3. e5 c5 4. c3 Qb6 5. Nf3 Nc6 6. a3 c4 7. Nbd2 Na5 8. Rb1 Bd7 9. Qc2 Nb3 10. Be2 Ba4 11. 0-0 Ne7 12. Nxb3 Nc6 13. Be3 Na5 14. Nfd2 Nxb3 15. Nxb3 Bxb3 16. Qd2 Be7 17. Bd1 Rc8 18. Bg5 Bf8 19. g3 h6 20. Be3 Be7 21. Bxb3 Qxb3 22. Qd1 Qxd1 23. Rfxd1 Kd7 24. b4 cxb3 25. Rxb3 b6 26. a4 Rc6 27. Rc1 Rhc8 28. f4 Bd8 29. Bd2 Rc4 30. Rb4 Be7 31. Rxc4 Rxc4 32. Ra1 Kc6 33. Kf2 Kb7 34. Ke3 Ka6 35. Kd3 h5 36. h4 Kb7 37. a5 b5 38. Kc2 Ka6 39. Kb3 Bd8 40. Rg1 Bxa5 41. g4 hxg4 42. Rxg4 g6 43. Rg2 Bd8 44. Rh2 Kb7 45. h5 gxh5 46. Rxh5 a5 47. Rh7 Rc7 48. Rh8 Rd7 49. Be1 a4+ 50. Ka2 Ba5 51. Kb2 Rc7 52. Rf8 Rd7 53. Rh8 Bd8 54. Rh7 Kc6 55. Rh8 Kb6 56. Rf8 Kc7 57. Rh8 Kc6 58. Rf8 Be7 59. Rc8+ Kb7 60. Rh8 Kb6 61. Rb8+ Rb7 62. Rxb7+ Kxb7 63. Ka2 Kb6 64. Kb2 f6 65. Bh4 Kc6 66. exf6 Bf8 67. Bg5 Kd7 68. f7 e5 69. dxe5 Ke6 70. Bh4 Bg7 71. Bf6 Kxf7 72. Bxg7 Kxg7 73. f5 b4 74. cxb4 d4 75. b5 d3 76. b6 a3+ 77. Kxa3 d2 78. b7 d1Q 79. b8Q Qa1+ 80. Kb3 Qb1+ 81. Kc4 Qxb8 82. e6 Kf6 0-1

[Event "Madrid Codes Memorial 7th"]
[Site "Madrid"]
[Date "2013.06.02"]
[Round "9"]
[White "Vivas Mariscal, Luis Miguel"]
[Black "Perez Alvarez, Javier"]
[Result "0-1"]
[WhiteElo "1573"]
[BlackElo "1818"]
[PlyCount "132"]
[EventDate "2013.04.07"]
[EventType "swiss"]
[EventRounds "9"]
[EventCountry "ESP"]
[SourceTitle "EXT 2014"]
[Source "ChessBase"]
[SourceDate "2013.11.20"]
[SourceVersion "1"]
[SourceVersionDate "2013.11.20"]
[SourceQuality "1"]

1. d4 d5 2. c4 e6 3. Nc3 Nf6 4. cxd5 exd5 5. e3 c6 6. Bd3 Bd6 7. Nf3 Nbd7 8. Qc2 0-0 9. Ng5 g6 10. Bd2 Re8 11. 0-0-0 Ng4 12. Nh3 Qf6 13. Ne2 Nf8 14. Kb1 Ne6 15. f3 Nh6 16. Nf2 Nf5 17. Ng4 Qg7 18. Bxf5 gxf5 19. Nf2 Bd7 20. g4 fxg4 21. Nxg4 Qg6 22. Qxg6+ hxg6 23. Nf6+ Kg7 24. Nxd7 f6 25. Nc5 Bxc5 26. dxc5 Nxc5 27. h4 Nd3 28. Rh2 Ne5 29. Rf1 Nc4 30. Kc2 Rxe3 31. Rd1 Nxd2 32. Kxd2 Rxf3 33. Nd4 Rg3 34. h5 Rg4 35. h6+ Kf7 36. Nf3 Rf4 37. Rh3 g5 38. Rg3 Rh8 39. Rh1 Kg6 40. Nh4+ Kf7 41. Ng2 Rf2+ 42. Kc3 Re2 43. Re1 Rxe1 44. Nxe1 Rxh6 45. b4 Rh4 46. Nf3 Rc4+ 47. Kb3 Re4 48. Nd2 Re1 49. a4 Kg6 50. Nf3 Re3+ 51. Kc2 Kh5 52. Kd2 Rb3 53. b5 g4 54. bxc6 bxc6 55. Rg1 Rxf3 56. Ke2 Ra3 57. Rh1+ Kg5 58. Rh7 Rxa4 59. Rc7 Ra2+ 60. Ke3 Ra3+ 61. Kd2 g3 62. Rxc6 g2 63. Rc1 Kg4 64. Ke2 Kg3 65. Rg1 Kh2 66. Kf2 Ra2+ 0-1

[Event "Madrid Codes Memorial 7th"]
[Site "Madrid"]
[Date "2013.05.12"]
[Round "6"]
[White "Perez Alvarez, Javier"]
[Black "Pindado Campos, Raul"]
[Result "0-1"]
[WhiteElo "1818"]
[BlackElo "1879"]
[PlyCount "64"]
[EventDate "2013.04.07"]
[EventType "swiss"]
[EventRounds "9"]
[EventCountry "ESP"]
[SourceTitle "EXT 2014"]
[Source "ChessBase"]
[SourceDate "2013.11.20"]
[SourceVersion "1"]
[SourceVersionDate "2013.11.20"]
[SourceQuality "1"]

1. e4 c5 2. Nf3 e6 3. d4 cxd4 4. Nxd4 a6 5. Bd3 Qc7 6. c4 Nf6 7. 0-0 Be7 8. Nc3 Nc6 9. Nxc6 bxc6 10. Qe2 d6 11. Be3 0-0 12. Rac1 Bb7 13. f3 Rfe8 14. Rfd1 c5 15. Rd2 Rad8 16. Rcd1 Nd7 17. b3 Bf6 18. Nb1 Ne5 19. Bc2 Nc6 20. Qf2 Nb4 21. a3 Nc6 22. Qg3 Nd4 23. Bg5 Bxg5 24. Qxg5 Qb6 25. Qe3 Rb8 26. b4 Bc6 27. bxc5 dxc5 28. Nc3 Qa5 29. Ne2 Nxc2 30. Rxc2 Ba4 31. Rcd2 Bxd1 32. Rxd1 Red8 0-1

[Event "Madrid Oliver Gonzalez Memorial-B 3rd"]
[Site "Madrid"]
[Date "2012.09.07"]
[Round "7"]
[White "Perez Alvarez, Javier"]
[Black "Titeiu, Melania"]
[Result "0-1"]
[WhiteElo "1834"]
[BlackElo "1695"]
[PlyCount "68"]
[EventDate "2012.09.01"]
[EventType "swiss"]
[EventRounds "9"]
[EventCountry "ESP"]
[SourceTitle "CBM 150 Extra"]
[Source "ChessBase"]
[SourceDate "2012.10.19"]
[SourceVersion "1"]
[SourceVersionDate "2012.10.19"]
[SourceQuality "1"]

1. e4 c5 2. Nf3 d6 3. d4 cxd4 4. Nxd4 Nf6 5. Nc3 a6 6. Be2 Nc6 7. Be3 e5 8. Nb3 Be6 9. Bf3 Be7 10. 0-0 0-0 11. a4 Nb4 12. Bg5 h6 13. Bxf6 Bxf6 14. g3 Rc8 15. h4 Qb6 16. a5 Qc7 17. Qd2 Rfd8 18. Rfc1 g5 19. h5 g4 20. Qxh6 Bg7 21. Qg5 f6 22. Qg6 gxf3 23. h6 Qf7 24. Qxf7+ Kxf7 25. hxg7 Kxg7 26. Ra4 Nxc2 27. Nd5 f5 28. Na1 Bxd5 29. exd5 Nd4 30. Rd1 Ne2+ 31. Kf1 Rh8 32. Ke1 Rc5 33. Kd2 Rxd5+ 34. Kc2 Rc8+ 0-1

[Event "San Sebastian de los Reyes op 13th"]
[Site "San Sebastian"]
[Date "2011.12.08"]
[Round "7"]
[White "Perez Alvarez, Javier"]
[Black "Lopez de Turiso, Jose Angel"]
[Result "1/2-1/2"]
[WhiteElo "1810"]
[BlackElo "2065"]
[PlyCount "101"]
[EventDate "2011.12.02"]
[EventType "swiss"]
[EventRounds "9"]
[EventCountry "ESP"]
[SourceTitle "CBM 145 Extra"]
[Source "ChessBase"]
[SourceDate "2012.01.03"]
[SourceVersion "1"]
[SourceVersionDate "2012.01.03"]
[SourceQuality "1"]

1. e4 c6 2. Nf3 g6 3. d4 Bg7 4. Nc3 d6 5. Be3 Nd7 6. Bc4 e6 7. Bb3 Ne7 8. Qd2 h6 9. h3 d5 10. 0-0 Kf8 11. e5 Kg8 12. Ne2 Nf5 13. c3 b6 14. Bc2 Ba6 15. g4 Nh4 16. Nh2 f5 17. exf6 Qxf6 18. f4 Qe7 19. Nf3 Kh7 20. Qe1 Nxf3+ 21. Rxf3 Bxe2 22. Qxe2 Rhg8 23. Kh1 Raf8 24. Raf1 Bf6 25. Bd2 c5 26. Re3 Re8 27. Re1 cxd4 28. cxd4 Bxd4 29. Rxe6 Qxe6 30. Qxe6 Rxe6 31. Rxe6 Bxb2 32. f5 Nf8 33. Rd6 Rg7 34. Rxd5 Rd7 35. fxg6+ Kg7 36. Rxd7+ Nxd7 37. Kg2 Ne5 38. Bf4 Nxg6 39. Bxg6 Kxg6 40. Bb8 a6 41. Bc7 b5 42. h4 h5 43. Kf3 Bf6 44. gxh5+ Kxh5 45. Ke4 Kxh4 46. Kd3 Kg4 47. Kc2 Kf5 48. Kb3 Be7 49. a4 Ke6 50. axb5 axb5 51. Bg3 1/2-1/2

[Event "San Sebastian de los Reyes op 13th"]
[Site "San Sebastian"]
[Date "2011.12.04"]
[Round "3"]
[White "Orellana Iglesias, Julio Jose"]
[Black "Perez Alvarez, Javier"]
[Result "0-1"]
[WhiteElo "1787"]
[BlackElo "1810"]
[PlyCount "99"]
[EventDate "2011.12.02"]
[EventType "swiss"]
[EventRounds "9"]
[EventCountry "ESP"]
[SourceTitle "CBM 145 Extra"]
[Source "ChessBase"]
[SourceDate "2012.01.03"]
[SourceVersion "1"]
[SourceVersionDate "2012.01.03"]
[SourceQuality "1"]

1. Nf3 d5 2. d4 Nf6 3. Bg5 e6 4. e3 Be7 5. Bd3 0-0 6. c4 h6 7. Bh4 b6 8. 0-0 Bb7 9. Nbd2 Nbd7 10. Rc1 c5 11. Qe2 Rc8 12. Rfd1 Ne4 13. Bxe7 Qxe7 14. Bb1 Nxd2 15. Nxd2 cxd4 16. exd4 Nf6 17. b3 Rfd8 18. Nf1 dxc4 19. bxc4 Qd6 20. Ne3 Qf4 21. g3 Qf3 22. Qxf3 Bxf3 23. Rd2 Rc7 24. Rc3 Rcd7 25. d5 Be4 26. Rc1 Bxb1 27. Rxb1 exd5 28. cxd5 Nxd5 29. Rbd1 Nf6 30. Rxd7 Rxd7 31. Rxd7 Nxd7 32. Nf5 Kf8 33. Kf1 g6 34. Nxh6 f5 35. g4 Kg7 36. g5 Nc5 37. h4 Ne4 38. Ke1 Nc3 39. a3 a6 40. f3 a5 41. Kf2 Nb5 42. f4 Nxa3 43. Ke2 Nc2 44. Kd2 Nd4 45. h5 Ne6 46. hxg6 Kxg6 47. Ke3 a4 48. Kd2 Nxf4 49. Ng8 Nd5 50. Nh6 0-1

[Event "Tres Cantos op 3rd"]
[Site "Tres Cantos"]
[Date "2011.06.29"]
[Round "8"]
[White "Perez Alvarez, Javier"]
[Black "Fernandez Garcia, Ignacio"]
[Result "0-1"]
[WhiteElo "1800"]
[BlackElo "1923"]
[PlyCount "128"]
[EventDate "2011.06.22"]
[EventType "swiss"]
[EventRounds "9"]
[EventCountry "ESP"]
[SourceTitle "EXT 2012"]
[Source "ChessBase"]
[SourceDate "2011.11.24"]
[SourceVersion "1"]
[SourceVersionDate "2011.11.24"]
[SourceQuality "1"]

1. e4 c6 2. d4 d5 3. exd5 cxd5 4. Bd3 Nc6 5. c3 Nf6 6. Bf4 e6 7. Nd2 Bd6 8. Bxd6 Qxd6 9. Ngf3 0-0 10. 0-0 Bd7 11. Re1 Rfe8 12. Ne5 Ne7 13. Ndf3 Ng6 14. h4 Re7 15. g3 Qb6 16. Qe2 a6 17. a4 Be8 18. Nxg6 hxg6 19. Ne5 Rc8 20. Kg2 Nd7 21. Nf3 f6 22. Qc2 Nf8 23. Re3 Bf7 24. Rae1 Rec7 25. R3e2 Qc6 26. Kg1 b5 27. axb5 axb5 28. Qb3 Rb8 29. Qb4 Ra7 30. Bc2 Nd7 31. Rc1 Qc4 32. Qxc4 bxc4 33. Bd1 Rab7 34. Rb1 Kf8 35. b4 cxb3 36. Reb2 Rc7 37. Rxb3 Rbc8 38. Rc1 e5 39. Be2 e4 40. Nd2 f5 41. Kf1 Ke7 42. Ke1 Kf6 43. Nf1 g5 44. hxg5+ Kxg5 45. Ne3 Kf6 46. Kd2 Be6 47. Ra3 Rb8 48. Ra6 Ke7 49. Ra2 g5 50. Ra5 Nf6 51. c4 f4 52. gxf4 gxf4 53. Nxd5+ Bxd5 54. cxd5 Rb2+ 55. Kd1 Rxc1+ 56. Kxc1 Rxe2 57. Ra7+ Kd6 58. Ra6+ Kxd5 59. Rxf6 Rxf2 60. Kd1 Kxd4 61. Ra6 e3 62. Ke1 Ke4 63. Ra8 Rb2 64. Kf1 Kf3 0-1

[Event "Tres Cantos op 3rd"]
[Site "Tres Cantos"]
[Date "2011.06.28"]
[Round "7"]
[White "Perez Alvarez, Javier"]
[Black "Aziz Ortego, Omar Luis"]
[Result "1/2-1/2"]
[WhiteElo "1800"]
[BlackElo "2089"]
[PlyCount "187"]
[EventDate "2011.06.22"]
[EventType "swiss"]
[EventRounds "9"]
[EventCountry "ESP"]
[SourceTitle "EXT 2012"]
[Source "ChessBase"]
[SourceDate "2011.11.24"]
[SourceVersion "1"]
[SourceVersionDate "2011.11.24"]
[SourceQuality "1"]

1. e4 e5 2. Nf3 Nc6 3. d4 exd4 4. Nxd4 Nf6 5. Nc3 Bb4 6. Nxc6 bxc6 7. Bd3 d5 8. exd5 cxd5 9. 0-0 0-0 10. Bg5 c6 11. Qf3 h6 12. Bxf6 Qxf6 13. Qxf6 gxf6 14. a3 Bd6 15. Nd1 Rb8 16. b3 Re8 17. Ne3 Re5 18. h3 f5 19. Rfe1 Kf8 20. Kf1 f4 21. Ng4 Bxg4 22. hxg4 Rg5 23. Bf5 h5 24. f3 hxg4 25. fxg4 Rg8 26. Ke2 Be5 27. Rad1 Ke7 28. Kf3 Kd6 29. Rd3 a5 30. a4 f6 31. Rdd1 Kc5 32. Rh1 Rgd8 33. Rhe1 Bc3 34. Re6 Rb4 35. Rh1 Rdb8 36. Rh6 Rg8 37. Rh7 Be5 38. Ree7 Kd4 39. Rb7 Rb8 40. Rxb4+ axb4 41. Rh1 Kc3 42. Rd1 Rh8 43. a5 Ra8 44. Ra1 Ra7 45. a6 c5 46. Ke2 c4 47. bxc4 dxc4 48. Be6 Bd4 49. Bd5 Rd7 50. Bb7 Ba7 51. Be4 Be3 52. Bb7 Rd2+ 53. Kf3 Kd4 54. g5 Ke5 55. a7 f5 56. Ra5+ Kd6 57. Rd5+ Rxd5 58. a8Q Rd2 59. Qa6+ Kc5 60. Qc6+ Kd4 61. Qf6+ Kc5 62. Qc6+ Kd4 63. Qf6+ Kc5 64. Qxf5+ Kb6 65. Be4 b3 66. cxb3 cxb3 67. Qe6+ Kc5 68. Qxb3 Kd4 69. g6 Rf2+ 70. Kg4 Kxe4 71. Kh5 Bd4 72. Qb7+ Ke3 73. g7 Bxg7 74. Qxg7 f3 75. Qc3+ Kf4 76. gxf3 Rxf3 77. Qd4+ Kg3 78. Kg5 Rf7 79. Qg1+ Kh3 80. Qg4+ Kh2 81. Qe2+ Kg3 82. Qe5+ Kf2 83. Qb2+ Kg3 84. Qb8+ Kf2 85. Qb6+ Kg3 86. Qd6+ Kf2 87. Qh2+ Kf1 88. Qh1+ Kf2 89. Qh4+ Kg2 90. Qe4+ Kf2 91. Qd4+ Kg3 92. Qg1+ Kh3 93. Qg4+ Kh2 94. Qh4+ 1/2-1/2

[Event "San Sebastian de los Reyes op 12th"]
[Site "San Sebastian"]
[Date "2010.12.04"]
[Round "5"]
[White "Perez Alvarez, Javier"]
[Black "Palenciano Escolar, Adrian"]
[Result "1-0"]
[WhiteElo "1774"]
[BlackElo "1568"]
[PlyCount "45"]
[EventDate "2010.11.30"]
[EventType "swiss"]
[EventRounds "9"]
[EventCountry "ESP"]
[SourceTitle "CBM 139 Extra"]
[Source "ChessBase"]
[SourceDate "2011.01.05"]
[SourceVersion "1"]
[SourceVersionDate "2011.01.05"]
[SourceQuality "1"]

1. e4 c5 2. Nf3 Nc6 3. d4 cxd4 4. Nxd4 g6 5. Be3 Bg7 6. Nc3 Nf6 7. f3 0-0 8. Qd2 d6 9. g4 Nd7 10. 0-0-0 Nb6 11. h4 Ne5 12. b3 Qc7 13. Ncb5 Qd8 14. Bh6 a6 15. Bxg7 Kxg7 16. Nc3 Qc7 17. h5 Rh8 18. hxg6 hxg6 19. Rxh8 Kxh8 20. Qh6+ Kg8 21. Bc4 Nxg4 22. Qxg6+ Kf8 23. Qxf7# 1-0

[Event "Collado Villalba op-B 26th"]
[Site "Collado Villalba"]
[Date "2009.08.28"]
[Round "8"]
[White "Perez Alvarez, Javier"]
[Black "Arranz Maurelle, Gustavo"]
[Result "0-1"]
[WhiteElo "1736"]
[BlackElo "1816"]
[PlyCount "58"]
[EventDate "2009.08.21"]
[EventType "swiss"]
[EventRounds "9"]
[EventCountry "ESP"]
[SourceTitle "EXT 2011"]
[Source "ChessBase"]
[SourceDate "2010.11.26"]
[SourceVersion "1"]
[SourceVersionDate "2010.11.26"]
[SourceQuality "1"]

1. e4 d6 2. d4 Nf6 3. Nc3 g6 4. f3 Bg7 5. Be3 0-0 6. Qd2 c6 7. g4 b5 8. h4 h5 9. g5 Ne8 10. f4 b4 11. Nce2 Qa5 12. Bh3 Ba6 13. f5 Kh7 14. Nf3 c5 15. 0-0 Nc6 16. Rf2 Bxe2 17. Rxe2 cxd4 18. Nxd4 Ne5 19. fxg6+ fxg6 20. Rf2 Nc7 21. b3 Nf3+ 22. Rxf3 Rxf3 23. Nxf3 Bxa1 24. Nd4 Rf8 25. Nc6 Qb5 26. Nxe7 Qe5 27. Nd5 Nxd5 28. exd5 Bc3 29. Qd3 Rf3 0-1

[Event "Collado Villalba op-B 26th"]
[Site "Collado Villalba"]
[Date "2009.08.27"]
[Round "7"]
[White "Martin Duque, Jesus"]
[Black "Perez Alvarez, Javier"]
[Result "1-0"]
[WhiteElo "1930"]
[BlackElo "1736"]
[PlyCount "123"]
[EventDate "2009.08.21"]
[EventType "swiss"]
[EventRounds "9"]
[EventCountry "ESP"]
[SourceTitle "EXT 2011"]
[Source "ChessBase"]
[SourceDate "2010.11.26"]
[SourceVersion "1"]
[SourceVersionDate "2010.11.26"]
[SourceQuality "1"]

1. e4 e6 2. d4 d5 3. e5 c5 4. c3 Qb6 5. Nf3 Nc6 6. a3 c4 7. Nbd2 Na5 8. g3 Bd7 9. h4 Ne7 10. Bh3 h6 11. 0-0 0-0-0 12. Re1 Kb8 13. Rb1 g6 14. Nh2 Ng8 15. Qf3 Rh7 16. Ng4 Be7 17. Qe2 Nb3 18. Nxb3 Qxb3 19. Bd2 Ba4 20. Bg2 h5 21. Nh2 Nh6 22. Bh3 Qb6 23. Be3 Rg8 24. Nf3 Nf5 25. Bxf5 gxf5 26. Bg5 Qc7 27. Qd2 Bb3 28. Bxe7 Qxe7 29. Ng5 Rhg7 30. f4 Rh8 31. Ra1 a5 32. Qf2 a4 33. Kh2 Rhg8 34. Nf3 Rg4 35. Rac1 Kc7 36. Nd2 Ra8 37. Nf3 Rag8 38. Rg1 Kc6 39. Ng5 Rg7 40. Nf3 Rg8 41. Nd2 Ra8 42. Kh3 Kc7 43. Ra1 b5 44. Qe2 Ra7 45. Nf1 Ra8 46. Ne3 Rgg8 47. Qxh5 Rg6 48. g4 fxg4+ 49. Rxg4 Rag8 50. Rag1 Rxg4 51. Rxg4 Rxg4 52. Qxg4 Ba2 53. Qg5 Qf8 54. h5 Bb1 55. h6 Kd7 56. Qg7 Ke8 57. Kh4 Bg6 58. Ng4 b4 59. Nf6+ Ke7 60. axb4 Bf5 61. Qxf8+ Kxf8 62. b5 1-0

[Event "Tres Cantos op 1st"]
[Site "Tres Cantos"]
[Date "2009.06.13"]
[Round "8"]
[White "Ruiz Quevedo, Andres"]
[Black "Perez Alvarez, Javier"]
[Result "1-0"]
[WhiteElo "1969"]
[BlackElo "1856"]
[PlyCount "65"]
[EventDate "2009.06.06"]
[EventType "swiss"]
[EventRounds "9"]
[EventCountry "ESP"]
[SourceTitle "EXT 2010"]
[Source "ChessBase"]
[SourceDate "2010.11.25"]
[SourceVersion "1"]
[SourceVersionDate "2010.11.25"]
[SourceQuality "1"]

1. c4 e6 2. Nf3 d5 3. g3 c6 4. Bg2 Nf6 5. 0-0 Nbd7 6. b3 Be7 7. Bb2 0-0 8. Qc2 b6 9. d4 Bb7 10. Nbd2 Rc8 11. Rac1 c5 12. Qb1 Re8 13. Rfd1 Bf8 14. Nf1 Qe7 15. Ne3 dxc4 16. Nxc4 Ba6 17. dxc5 Rxc5 18. Ba3 Rec8 19. Bxc5 Rxc5 20. Nfd2 Ng4 21. h3 Nh6 22. e3 Nf5 23. Rc2 Ne5 24. Nxe5 Rxe5 25. Nf3 Rd5 26. Rcd2 Rxd2 27. Rxd2 Qc7 28. Qd1 Nd6 29. Rc2 Qe7 30. Qc1 Bb7 31. Rc7 Qf6 32. Nd4 Ne4 33. Qc2 1-0

[Event "Tres Cantos op 1st"]
[Site "Tres Cantos"]
[Date "2009.06.06"]
[Round "1"]
[White "Perez Alvarez, Javier"]
[Black "Iagar, Razvan Gabriel"]
[Result "0-1"]
[WhiteElo "1856"]
[BlackElo "2141"]
[PlyCount "72"]
[EventDate "2009.06.06"]
[EventType "swiss"]
[EventRounds "9"]
[EventCountry "ESP"]
[SourceTitle "EXT 2010"]
[Source "ChessBase"]
[SourceDate "2010.11.25"]
[SourceVersion "1"]
[SourceVersionDate "2010.11.25"]
[SourceQuality "1"]

1. e4 e6 2. d4 d5 3. Nc3 Nf6 4. e5 Nfd7 5. Nf3 c5 6. dxc5 Bxc5 7. Bd3 Nc6 8. Bf4 Qb6 9. 0-0 a6 10. Na4 Qb4 11. Nxc5 Qxf4 12. Nxd7 Bxd7 13. Re1 Qb4 14. Qe2 h6 15. c3 Qb6 16. Rad1 Rc8 17. Bb1 Na5 18. Nd4 Nc4 19. Qg4 g6 20. Bxg6 fxg6 21. Qxg6+ Kd8 22. b3 Na5 23. c4 Kc7 24. cxd5 Kb8 25. dxe6 Bc6 26. Nxc6+ Qxc6 27. g3 Rcg8 28. Qf7 Rf8 29. Qd7 Qf3 30. Qd2 Nc6 31. Re3 Qf5 32. Qd6+ Ka8 33. Rd2 Rd8 34. e7 Rxd6 35. exd6 Qd7 36. Rde2 Re8 0-1

[Event "Madrid Codes Memorial 3rd"]
[Site "Madrid"]
[Date "2009.05.31"]
[Round "7"]
[White "Perez Alvarez, Javier"]
[Black "Perez Fernandez, Guillermo"]
[Result "0-1"]
[WhiteElo "1733"]
[BlackElo "1821"]
[PlyCount "46"]
[EventDate "2009.04.05"]
[EventType "swiss"]
[EventRounds "9"]
[EventCountry "ESP"]
[SourceTitle "EXT 2010"]
[Source "ChessBase"]
[SourceDate "2010.11.25"]
[SourceVersion "1"]
[SourceVersionDate "2010.11.25"]
[SourceQuality "1"]

1. e4 e5 2. Nf3 Nf6 3. Nxe5 d6 4. Nf3 Nxe4 5. Nc3 Nxc3 6. dxc3 Nc6 7. Bf4 Be7 8. Qd2 Be6 9. Bb5 0-0 10. 0-0 Na5 11. Nd4 Bc4 12. Bxc4 Nxc4 13. Qe2 Nb6 14. Nf5 Bf6 15. Qg4 Kh8 16. Rad1 Qd7 17. Bxd6 cxd6 18. Rxd6 Qa4 19. b4 Bxc3 20. Qg3 Qxb4 21. Rd3 Bf6 22. Rd6 Qc3 23. Rd3 Qxc2 0-1

[Event "San Sebastian Constitucion op 10th"]
[Site "San Sebastian"]
[Date "2008.12.02"]
[Round "3"]
[White "Ramos Fernandez, Pedro"]
[Black "Perez Alvarez, Javier"]
[Result "1-0"]
[WhiteElo "2161"]
[BlackElo "1737"]
[PlyCount "67"]
[EventDate "2008.11.30"]
[EventType "swiss"]
[EventRounds "9"]
[EventCountry "ESP"]
[SourceTitle "CBM 127 Extra"]
[Source "ChessBase"]
[SourceDate "2009.01.08"]
[SourceVersion "2"]
[SourceVersionDate "2009.01.28"]
[SourceQuality "1"]

1. Nf3 Nf6 2. b3 d5 3. Bb2 e6 4. e3 Be7 5. d4 Nbd7 6. Bd3 0-0 7. 0-0 c6 8. Nbd2 a6 9. Qe2 Re8 10. e4 dxe4 11. Nxe4 Nxe4 12. Qxe4 Nf6 13. Qh4 g6 14. Qf4 Nh5 15. Qe3 Bf6 16. Ne5 Bg7 17. Rad1 Qc7 18. c4 Nf6 19. Qf3 Qe7 20. Bb1 Bd7 21. Rfe1 Rad8 22. Bc3 Bc8 23. Ba5 Nd7 24. Bxd8 Rxd8 25. Nxd7 Bxd7 26. d5 cxd5 27. cxd5 Rc8 28. d6 Qg5 29. Qxb7 Rd8 30. Be4 Bf8 31. Qxa6 Bb5 32. Qb6 Bg7 33. f4 Qh4 34. g3 1-0